LEADER 01470nam a2200289 i 4500 001 000000165876 003 CaOOAMICUS 005 20071030000000.0 008 071030s1984 it u000 u mul u 013 $a143244 040 $aSeMil$bita 100 1 $aGennaro, Erminio,$d<1944- >.$0(OLS)http://semarc/name/17141 245 10$aStatuti Comunali del Castello di Treviglio =$bStatuta Comunis Castri Trivillii /$cCompilati nell'anno del Signore 1392 da Ambrogio Bugone ... [et al.] ; A cura di Tullio Santagiuliana ed Erminio Gennaro. 246 01$aStatuta Comunis Castri Trivillii 260 $a[S.l. :$bs.n.],$c(Stampa 1984)$e(Calvenzano (BG) :$fGrafiche Signorelli,$g(Stampa 1984)) 300 $aXXV, 539 p. :$bill. ;$c31x22 cm. 500 $aTesto latino a fronte. - Fondo Card. Giovanni Colombo. 650 4$aTreviglio - Statuti medievali.$0(OLS)http://semarc/subject/31479 700 1 $aSantagiuliana, Tullio.$0(OLS)http://semarc/name/17142 700 1 $aBugone, Ambrogio.$0(OLS)http://semarc/name/62544 850 $aSeMil 852 $aSeMil$W1$xVenegono$y1$m3P IV 283$j117048$B117048$CSeMilBibl$Z2$F128954 $81 941 1 $a3 961 $aLascito: Colombo Card. Giovanni 996 $6245$aStatuti Comunali del Castello di Treviglio =$bStatuta Comunis Castri Trivillii$9(OLS)http://semarc/title/236876 996 $6246$aStatuta Comunis Castri Trivillii$9(OLS)http://semarc/title/236877 996 $6260$a[S.l. :$bs.n.]$9(OLS)http://semarc/publisher/29751 LEADER 01013nam a2200241 i 4500 001 000000227241 003 CaOOAMICUS 005 20140218000000.0 008 140218s2004 it u000 u ita u 013 $a206143 020 $a88-514-0223-X 040 $aSeMil$bita 100 1 $aDalla Torre, Giuseppe,$d<1943-2020>.$0(OLS)http://semarc/name/23596 245 10$aCarlo d'Austria :$britratto spirituale /$cGiuseppe Dalla Torre. 260 $aMilano :$bÀncora,$c2004. 300 $a126 p. :$bill. ;$c21 cm. 600 04$aCarlo I : d'Asburgo-Lorena-Este .$0(OLS)http://semarc/subject/50859 850 $aSeMil 852 $aSeMil$W1$xVenegono$y1$m3H VI 238$j177587$B177587$CSeMilBibl$Z2$F189631 $81 961 $aOmaggio: Ferrario mons. Emilio 996 $6020$a88-514-0223-X$9(OLS)http://semarc/number/228779 996 $6245$aCarlo d'Austria :$britratto spirituale$9(OLS)http://semarc/title/325265 996 $6260$aMilano :$bÀncora$9(OLS)http://semarc/publisher/29763